1415 1089 1066 1073 1256 1952 1425 1732 1084 1653 1368 1607 1069 1178 1072 1966 1686 1104 1643 1089 1304 1292 1119 1228 1056 1363 1931 1680 1888 1738 1373 1448 1758 1811 1730 1300 1941 1764 1617 1263 1875 1098 1598 1805 1636 1445 1246 1068 1445 1405 1779 1210 1297 1779 1967 1589 1670 1646 1465 1753 1994 1111 1091 1243 1058 1712 1352 1556 1897 1564 1377 1705 1840 1314 1801 1407 1265 1033 1698 1894 1925 1594 1528 1927 1485 1287 1643 1910 1342 1788 1291 1938 1713 1913 1248 1167 1411 1450 1912 BCNSPRNW ULIB Ver.6.0+V

เปลี่ยนเป็นภาษาไทย

Change to English
 แสดงรายละเอียดบรรณานุกรม
  กลับหน้าหลัก

Brief Record : Get Marc (ISO 2709) : E-mail record : QR code < ปิดหน้าต่าง
LEADER : 00000nam 2200000uu 4500
001    13399111384
003     ULIB
008    110623s||||||||th 000 0 tha d
024    9786165120074
050  4 TT916^bร377ก 2552
100 0  เศรษฐพงศ์ อัปเมยะ
245 10 การปั้นตุ๊กตารูปสัตว์จากดินไทย /^cเศรษฐพงศ์ อัปเมยะ
260    กรุงเทพฯ :^bวาดศิลป์,^cc2552
300    64 หน้า :^bภาพประกอบสี ;^c26 ซม.
650  7 การปั้น
653    การปั้นดิน
653    การประดิษฐ์ด้วยดิน
945    ^p160^l0^i027684
995    เกษร
999 ^a ใช้งานได้ทุกระบบ
รายการนี้ยังไม่มีแท็ก
คุณยังไม่ได้ล็อกอิน คุณสามารถมีกิจกรรมร่วมกับเว็บไซต์ได้ แต่ต้องล็อกอินก่อน ::
  ล็อกอิน

รายการสื่อสารสนเทศ

ลำดับที่ ประเภท เลขเรียก/บาร์โค้ด สถานที่ สถานะ
- ไม่พบข้อมูล -

รายการใกล้เคียง
    หัวเรื่อง [การปั้น]

BibComment


ยังไม่เคยถูกคอมเมนท์

คอมเมนท์ทรัพยากรรายการนี้
  คอมเมนท์: การปั้นตุ๊กตารูปส..


 Copyright 2026. Bcnsprnw @Library